BHUGUL BIGYAN (PART -4) (Record no. 3801)
[ view plain ]
| 000 -LEADER | |
|---|---|
| fixed length control field | 00305cam a2200145ua 4500 |
| 008 - FIXED-LENGTH DATA ELEMENTS--GENERAL INFORMATION | |
| fixed length control field | 131204n II |||gr||||Z||||||asm |
| 040 ## - CATALOGING SOURCE | |
| Original cataloging agency | MAIN |
| 041 ## - LANGUAGE CODE | |
| -- | English |
| 082 ## - DEWEY DECIMAL CLASSIFICATION NUMBER | |
| Classification number | 910 GAU |
| 100 ## - MAIN ENTRY--PERSONAL NAME | |
| Personal name | G.U. |
| 245 ## - TITLE STATEMENT | |
| Title | BHUGUL BIGYAN (PART -4) |
| 942 ## - ADDED ENTRY ELEMENTS (KOHA) | |
| Koha item type | Books |
| 653 ## - INDEX TERM--UNCONTROLLED | |
| Uncontrolled term | Geography & travel |
| Withdrawn status | Lost status | Damaged status | Not for loan | Collection code | Home library | Current library | Shelving location | Date acquired | Total Checkouts | Total Renewals | Full call number | Barcode | Date last seen | Date last checked out | Copy number | Price effective from | Koha item type | Public note |
|---|---|---|---|---|---|---|---|---|---|---|---|---|---|---|---|---|---|---|
| TBGEO | Central Library and Information Centre Sibsagar Girls College | Central Library and Information Centre Sibsagar Girls College | GEOGRAPHY BOOK RACK | 21.04.1972 | 4 | 1 | 910 GAU | 03624 | 13.08.2025 | 04.08.2025 | 1 | 27.02.2020 | Books | V |